000 00426cam a2200157ua 4500
041 _aeng
_h
082 _a370.102
_bMUR/SU
100 _aMurrell, James L .
245 _aSuccessful teaching: its psychological principles /
_cJames L Murrell.
_hTextual Documents
250 _a2 /
_b.
260 _aNew York :
_bMcGraw Hill Book Company ,
_c1954.
300 _a321 ; .
504 _a
942 _cBK
999 _c12000
_d12000